00469nam a2200097Ia 45000010005000000080041000050820030000461000087000762450160001632600048003233109241024s9999 xx 000 0 und d aRD/370.97293/R426a/3/2012 aRepública Dominicana. Ministerio de Educación. Consejo Nacional de Educación 0aActa de la 3era. sesiòn ordinaria del 8 de agosto del 2012. Asunto : Avances en la revisiòn currìcular - informe de gestión marzo 2011 -agosto 2012 bSanto Domingo, República Dominicanac2012